| 000 | 00590nam a22002057a 4500 | ||
|---|---|---|---|
| 999 |
_c9363 _d9363 |
||
| 003 | AR-CdUCM | ||
| 008 | 190327b ||||| |||| 00| 0 spa d | ||
| 020 | _a978-612-4299-51-3 | ||
| 040 |
_aMUNICIPALIDAD PROVINCIAL DEL CUSCO _cBIBLIOTECA MUNICIPAL DEL CUSCO |
||
| 041 | _hspa | ||
| 082 |
_aEP / 808.06 _bL31 |
||
| 100 |
_aLavatelli, Anna _925507 |
||
| 245 | _aEl cañón boom / | ||
| 260 |
_aLima : _bSantillana, _c2016. |
||
| 300 |
_a29 páginas ; _bIlustraciones. _c22.5 cm. |
||
| 650 |
_aCuentos infantiles _93927 |
||
| 650 |
_aSiglo XXI _92856 |
||
| 942 |
_2ddc _cLIBROS |
||
| 945 | _aafb | ||